000 00214 a2200109 4500
020 _a0-02-108713-x/4
041 _aspa
100 _ahoffer, alan r.
245 _amatematicas en accion
942 _cBK
952 _71
999 _c18227
_d18227